Statistics for Countries by Third Largest City 2

Click here to take the quiz!

General Stats

  • This quiz has been taken 43 times
  • The average score is 11 of 16

Answer Stats

HintAnswer% Correct
OsakaJapan
100%
GuadalajaraMexico
100%
MeccaSaudi Arabia
100%
JohannesburgSouth Africa
100%
LinzAustria
97%
The HagueThe Netherlands
97%
Hải PhòngVietnam
94%
RosarioArgentina
89%
BandungIndonesia
81%
HomsSyria
67%
SidonLebanon
47%
CamagüeyCuba
44%
Ciudad de la CostaUruguay
39%
ConstantineAlgeria
31%
NadiFiji
14%
MoptiMali
14%

Score Distribution

Percentile by Number Answered

Percent of People with Each Score

Your Score History

You have not taken this quiz